Holiday Quiz

Random Holiday or Food Quiz

Anatomy of a Turkey Quiz Stats

 Plays Quiz Updated Nov 21, 2016

Score 0/13 Timer 02:00
14 Plays Today
% Correct
Breast
92.8%
Fan
92%
Back
90.6%
Head
90.1%
Foot
86.4%
Wing
84.7%
Spur
57.9%
Caruncles
57.8%
Wattle
57.2%
Beak
51.1%
Shank
47.3%
Snood
43.6%
Tassel
40.2%

You're not logged in!

Compare scores with friends on all Sporcle quizzes.
OR
Log In

Show Comments

Extras

Top Quizzes Today


Score Distribution

Your Account Isn't Verified!

In order to create a playlist on Sporcle, you need to verify the email address you used during registration. Go to your Sporcle Settings to finish the process.

Report this User

Report this user for behavior that violates our Community Guidelines.

Details: